Оптимизация технологии бурения интервалов под направления на Дулисьминском месторождени Иркутской области; Проблемы научно-технического прогресса в бурении скважин

Dettagli Bibliografici
Parent link:Проблемы научно-технического прогресса в бурении скважин.— 2014.— [С. 157-164]
Autore principale: Бузанов К. В. Кирилл Владимирович
Ente Autore: Национальный исследовательский Томский политехнический университет (ТПУ) Институт природных ресурсов (ИПР) Кафедра бурения скважин (БС)
Altri autori: Борисов К. И. Константин Иванович (научный руководитель)
Riassunto:Заглавие с титульного экрана
Lingua:russo
Pubblicazione: 2014
Serie:Проблемы и перспективы техники и технологии в бурении скважин на нефть и газ
Soggetti:
Accesso online:http://earchive.tpu.ru/handle/11683/25541
http://www.lib.tpu.ru/fulltext/c/2014/C94/020.pdf
Natura: MixedMaterials Elettronico Capitolo di libro
KOHA link:https://koha.lib.tpu.ru/cgi-bin/koha/opac-detail.pl?biblionumber=611046

MARC

LEADER 00000naa2a2200000 4500
001 611046
005 20231101132634.0
035 |a (RuTPU)RU\TPU\conf\8688 
035 |a RU\TPU\conf\8685 
090 |a 611046 
100 |a 20150211d2014 k y0rusy50 ca 
101 0 |a rus 
102 |a RU 
105 |a y z 101zy 
135 |a drcn ---uucaa 
181 0 |a i  
182 0 |a b 
200 1 |a Оптимизация технологии бурения интервалов под направления на Дулисьминском месторождени Иркутской области  |f К. В. Бузанов  |g науч. рук. К. И. Борисов 
203 |a Текст  |c электронный 
225 1 |a Проблемы и перспективы техники и технологии в бурении скважин на нефть и газ 
230 |a 1 компьютерный файл (pdf; 267 Кb) 
300 |a Заглавие с титульного экрана 
320 |a [Библиогр.: с. 164 (5 назв.)] 
337 |a Adobe Reader 
463 0 |0 (RuTPU)RU\TPU\conf\8652  |t Проблемы научно-технического прогресса в бурении скважин  |o сборник докладов Всероссийской научно-технической конференции с международным участием , посвященной 60-летию кафедры бурения скважин, Томск, 2014 г.  |f Томский политехнический университет (ТПУ), Институт геологии и нефтегазового дела (ИГНД); под ред. В. Г. Храменкова  |v [С. 157-164]  |d 2014 
610 1 |a труды учёных ТПУ 
610 1 |a электронный ресурс 
610 1 |a бурение 
610 1 |a Дулисьминское месторождение 
610 1 |a Иркутская область 
610 1 |a углеводородное сырье 
610 1 |a буровые работы 
700 1 |a Бузанов  |b К. В.  |c геолог  |c аспирант Томского политехнического университета  |g Кирилл Владимирович  |2 stltpush  |3 (RuTPU)RU\TPU\pers\33849 
702 1 |a Борисов  |b К. И.  |c геолог  |c доцент Томского политехнического университета, кандидат технических наук  |f 1956-  |g Константин Иванович  |2 stltpush  |4 727 
712 0 2 |a Национальный исследовательский Томский политехнический университет (ТПУ)  |b Институт природных ресурсов (ИПР)  |b Кафедра бурения скважин (БС)  |h 256  |2 stltpush  |3 (RuTPU)RU\TPU\col\18666 
801 2 |a RU  |b 63413507  |c 20220225  |g RCR 
856 4 |u http://earchive.tpu.ru/handle/11683/25541 
856 4 |u http://www.lib.tpu.ru/fulltext/c/2014/C94/020.pdf 
942 |c BK